000 00336nam a22001457a 4500
008 210609b ||||| |||| 00| 0 eng d
020 _a9780397549221
041 _aeng
080 _23rd
_a610.73
082 _a610.73
100 _a1
101 _aINF
245 _aEssentials of Nursing Research
_cDenise F. Polit
942 _2udc
_cBK
999 _c58067
_d58067